Inside SPICE : overcoming the obstacles of circuit simulation

Bibliographic Details
Main Author: Kielkowski, Ron M
Format: Book
Published: New York : McGraw-Hill , 1994
Subjects:

MARC

LEADER 00000cam a2200000 7i4500
001 0000002368
002 000002576
005 20091009.0
020 |a 007911525X 
090 0 0 |a 621.3192011353   |b KIE 
100 1 |a Kielkowski, Ron M 
245 1 0 |a Inside SPICE :   |b overcoming the obstacles of circuit simulation   |c Ron M.Kielkowski 
260 |a New York :   |b McGraw-Hill ,   |c 1994 
300 |a 188p. ;   |c 23cm. 
650 0 0 |a Electric circuits   |x Computer 
650 0 0 |a Spice (Computer file) 
999 |a 035873   |b BUKU   |c PINJAMAN   |e PERPUSTAKAAN KOMUNITI PETALING JAYA